000 01029nam2a2200217 4500
001 rc\2893077
005 20260315070956.0
035 _a(NLR Aleph) 007204819
090 _a13628998
_c13628998
100 _a20110726d1937 u y0rusy50 ca
101 0 _arus
102 _aRU
105 _ay z |||||
200 1 _aПредохранители высокого напряжения
_hЧ. 4
210 _d[1937]
461 0 _1001rc\2893023
_12001#$aКаталог ... устройств высокого напряжения$eСентябрь 1931. № 1-13а$fВЭО$v№ 10а
_97650331
_aСССР. Главное управление электромашиностроительной промышленности
_c[Москва]
_d[1931]-1941
_fВЭО
_nГос. науч.-техн. изд-во
_oСентябрь 1931. № 1-13а
_tКаталог ... устройств высокого напряжения
_v№ 10а
801 0 _aRU
_bNLR
_gpsbo
801 1 _aRU
_bELAR
_2rusmarc
852 _aNLR
_j32-19/512
942 _cUNSPEC
980 _aNB